...Until it happens to you. (Record no. 14772)

000 -LEADER
fixed length control field 00627nam a2200193 a 4500
001 - CONTROL NUMBER
control field :::00012606$&:&@@
003 - CONTROL NUMBER IDENTIFIER
control field OkBaRHE
005 - DATE AND TIME OF LATEST TRANSACTION
control field 20001101133407.0
008 - FIXED-LENGTH DATA ELEMENTS--GENERAL INFORMATION
fixed length control field s1993 j 000 0 eng u
040 ## - CATALOGING SOURCE
Transcribing agency
100 1# - MAIN ENTRY--PERSONAL NAME
Personal name Stauch, Genny.
245 13 - TITLE STATEMENT
Title ...Until it happens to you.
260 ## - PUBLICATION, DISTRIBUTION, ETC. (IMPRINT)
Place of publication, distribution, etc Broken Arrow, OK.,
Name of publisher, distributor, etc Beautiful Publishing
Date of publication, distribution, etc c1993
300 ## - PHYSICAL DESCRIPTION
Extent 42 p. ;
Dimensions 21 cm.
650 ## - SUBJECT ADDED ENTRY--TOPICAL TERM
Topical term or geographic name as entry element Parenting
942 ## - ADDED ENTRY ELEMENTS (KOHA)
Source of classification or shelving scheme
Koha item type Books
Copies
Shelving location Permanent Location Barcode Date acquired Copy number Source of classification or shelving scheme Full call number Koha item type Withdrawn status Date last seen Lost status Damaged status Not for loan Price effective from
General StacksRHEMA Bible Training College126062010-04-141 HQ 796 .S7Books 2010-04-14   2010-04-14
General StacksRHEMA Bible Training College184442010-04-142 HQ 796 .S7Books 2010-04-14   2010-04-14